Hey Women! Be Quiet! (Record no. 4262)

MARC details
000 -LEADER
fixed length control field 00464nam a22001817a 4500
003 - CONTROL NUMBER IDENTIFIER
control field OSt
005 - DATE AND TIME OF LATEST TRANSACTION
control field 20181204114700.0
008 - FIXED-LENGTH DATA ELEMENTS--GENERAL INFORMATION
fixed length control field 181204b ||||| |||| 00| 0 eng d
040 ## - CATALOGING SOURCE
Transcribing agency DLC
082 ## - DEWEY DECIMAL CLASSIFICATION NUMBER
Classification number 261.83
Item number S623H
100 ## - MAIN ENTRY--PERSONAL NAME
Personal name Sitton, Maryiann
245 ## - TITLE STATEMENT
Title Hey Women! Be Quiet!
Statement of responsibility, etc. By Maryiann Sitton.
260 ## - PUBLICATION, DISTRIBUTION, ETC.
Place of publication, distribution, etc. Texas, USA :
Name of publisher, distributor, etc. Christb For The Nation,
Date of publication, distribution, etc. c1973.
300 ## - PHYSICAL DESCRIPTION
Extent 29 p.:
630 ## - SUBJECT ADDED ENTRY--UNIFORM TITLE
Uniform title Moving Of God
650 ## - SUBJECT ADDED ENTRY--TOPICAL TERM
Topical term or geographic name entry element Women
General subdivision Quietness
942 ## - ADDED ENTRY ELEMENTS (KOHA)
Source of classification or shelving scheme Dewey Decimal Classification
Koha item type Books
Holdings
Withdrawn status Lost status Source of classification or shelving scheme Damaged status Not for loan Collection code Home library Current library Shelving location Date acquired Cost, normal purchase price Total Checkouts Full call number Barcode Date last seen Price effective from Koha item type
    Dewey Decimal Classification     Non-fiction Harvest Mission College Harvest Mission College General Stacks 04.12.2018 80.00   261.83 S623H 004857 04.12.2018 04.12.2018 Books

OPAC Designed and Maintained by HMC Library Team.
Copyright © HMC Library,Greater Noida, UP.
For any Suggestions/Query Contact library via Email:libhmc@gmail.com